Loreto College Library, Kolkata
WEBOPAC (ONLINE PUBLIC ACCESS CATALOGUE)

French Literature And Its Backgruund (Record no. 24150)

MARC details
000 -LEADER
fixed length control field 00532nam a2200181Ia 4500
008 - FIXED-LENGTH DATA ELEMENTS--GENERAL INFORMATION
fixed length control field 131103s9999 xx 000 0 und d
040 ## - CATALOGING SOURCE
Original cataloging agency Loreto College
041 ## - LANGUAGE CODE
Language code English
082 ## - DDC | ডিউই
Classification number | বর্গসংখ্যা 840.9/CRU
Book Number | গ্রন্থাঙ্ক LCLIB/18580
245 ## - TITLE STATEMENT | অাখ্যা বিবরণী
Title | অাখ্যা French Literature And Its Backgruund
Statement of responsibility | লেখকের দায়িত্বের বিবরণ Edited by John Cruickshank
260 ## - IMPRINT | প্রকাশনা ক্ষেত্র
Place of publication | প্রকাশ স্থান London
Name of publisher | প্রকাশকের নাম Oxford University Press
Date of publication | প্রকাশ কাল 1969
300 ## - PHYSICAL DESCRIPTION |
Page / Vol. No | পৃষ্ঠা / খন্ড সংখ্যা 229p
504 ## - BIBLIOGRAPHY, ETC. NOTE
Bibliography, etc The late nineteeth century
650 ## - SUBJECT ADDED ENTRY--TOPICAL TERM | বিষয় শিরোনাম - মূল বিষয়
Topical term | মূল বিষয় French-literature
700 ## - ADDED ENTRY--PERSONAL NAME | অতিরিক্ত সংলেখ - ব্
Personal name | ব্যাক্তিনাম Cruickshank, John; ed
850 ## - HOLDING INSTITUTION
Holding institution LCLIB/840.9/CRU
942 ## - ADDED ENTRY ELEMENTS (KOHA)
Koha item type Books
Holdings
Withdrawn status Lost status Damaged status Not for loan Home library Current library Date acquired Total Checkouts Full call number Accession No. Date last seen Price effective from Koha item type
        Loreto College Loreto College 04/11/2013   840.9/CRU LCLIB/18580 B26841 04/11/2013 04/11/2013 Books